000 00973nam a22002057a 4500
999 _c50370
_d50370
005 20210325200553.0
008 s2549 th tha d
040 _aNALT
041 _atha
090 _aอ AD 790
_bท424 2549
245 1 0 _aทำเนียบผู้ประกอบการยาแผนโบราณ-เวชภัณฑ์ และหน่วยงานที่เกี่ยวข้อง
260 3 _aกรุงเทพฯ :
_bโรงพิมพ์คุรุสภาลาดพร้าว,
_c2549
300 _a187 หน้า ;
_c21 ซม.
650 0 4 _aยา -- ผู้ผลิต -- ทำเนียบนาม
650 0 4 _aสถานประกอบการเวชภัณฑ์ -- ทำเนียบนาม
650 0 4 _aสถานประกอบการยาแผนโบราณ -- ทำเนียบนาม
850 _aNALT
942 _cREF
_2lcc